Heidi / (Record no. 3814)
[ view plain ]
| 000 -LEADER | |
|---|---|
| fixed length control field | 00916nam a22002655i 4500 |
| 005 - DATE AND TIME OF LATEST TRANSACTION | |
| control field | 20240510135440.0 |
| 020 ## - INTERNATIONAL STANDARD BOOK NUMBER | |
| International Standard Book Number | 9781453064573 |
| 040 ## - CATALOGING SOURCE | |
| Original cataloging agency | DLC |
| Language of cataloging | eng |
| Description conventions | rda |
| Transcribing agency | DLC |
| 050 ## - LIBRARY OF CONGRESS CALL NUMBER | |
| Classification number | 428.6 |
| 082 ## - DEWEY DECIMAL CLASSIFICATION NUMBER | |
| Classification number | fic |
| 100 1# - MAIN ENTRY--PERSONAL NAME | |
| Personal name | Spyri, Johanna |
| Dates associated with a name | 1827- |
| Relator term | author. |
| 245 10 - TITLE STATEMENT | |
| Title | Heidi / |
| Statement of responsibility, etc. | by Johanna Spyri |
| 260 ## - PUBLICATION, DISTRIBUTION, ETC. | |
| Place of publication, distribution, etc. | New York : |
| Name of publisher, distributor, etc. | Dalmatian Press ; |
| Date of publication, distribution, etc. | 2013 |
| 300 ## - PHYSICAL DESCRIPTION | |
| Extent | 180 pages : |
| Other physical details | illustrations ; |
| Dimensions | 22 cm . |
| 505 ## - FORMATTED CONTENTS NOTE | |
| Formatted contents note | M <br/> |
| 520 ## - SUMMARY, ETC. | |
| Summary, etc. | "Heidi lives with her grandfather in the Swiss Alps. When she is taken away to the city, she begins to miss the nature and people she left behind in the mountains"-- |
| Assigning source | Provided by publisher. |
| 521 ## - TARGET AUDIENCE NOTE | |
| Target audience note | 530 <br/> |
| Source | Lexile estimate <br/> |
| 521 ## - TARGET AUDIENCE NOTE | |
| Target audience note | M <br/><br/> |
| Source | Raz-Plus <br/> |
| 650 ## - SUBJECT ADDED ENTRY--TOPICAL TERM | |
| Topical term or geographic name entry element | chilideren |
| Form subdivision | fiction |
| 700 1# - ADDED ENTRY--PERSONAL NAME | |
| Personal name | Sayer, John |
| Relator term | illustrator |
| 700 1# - ADDED ENTRY--PERSONAL NAME | |
| Personal name | Caprio, Mary |
| Relator term | adaptor |
| 906 ## - LOCAL DATA ELEMENT F, LDF (RLIN) | |
| a | 0 |
| b | ibc |
| c | orignew |
| d | 2 |
| e | epcn |
| f | 20 |
| g | y-gencatlg |
| 942 ## - ADDED ENTRY ELEMENTS (KOHA) | |
| Source of classification or shelving scheme | Dewey Decimal Classification |
| Koha item type | Books |
| Suppress in OPAC | No |
| 999 ## - | |
| -- | 3814 |
| -- | 3814 |
No items available.
